000 00485pab a2200169 454500
008 180718b2001 xxu||||| |||| 00| 0 eng d
100 _aPlace, Frank
245 _aTenure, agricultural investment, and productivity in the customary tenure sector of Malawi
260 _c2001
300 _ap.77-99.
362 _aOct
650 _aLand tenure - Malawi
650 _aLand tenure
700 _aOtsuka, Keijiro
773 _aEconomic Development and Cultural Change
909 _a52522
999 _c52522
_d52522